Keski-Pohjanmaan kuntien vaakunat 2025 (keltainen laatikko) - Statistics

Yleistilastot
  • Tätä visaa on pelattu 108 kertaa
    103 viimeisimmän päivityksen jälkeen
  • Keskiarvotulos 7 / 8
Vastaustilastot
Kuvavisa Vastaus % Oikein
Kokkola
98%
Perho
96%
Kaustinen
93%
Kannus
91%
Toholampi
91%
Veteli
87%
Lestijärvi
85%
Halsua
80%
Ehtoja vastaavia visoja ei löytynyt
Tulosjakauma
Jokaisen tuloksen saaneiden osuus
Persentiili vastausten määrän mukaan
Tuloshistoriasi
Et ole pelannut tätä visaa sen viimeisimmän päivityksen jälkeen